| 000 | 01448nam0a2200349 4500 | ||
|---|---|---|---|
| 001 | RU\NLR\BIBL_A\022197659 | ||
| 005 | 20240502170005.0 | ||
| 010 | _a978-5-00198-425-2 | ||
| 021 |
_aRU _bКН-П-24-015398 _9КН-П-24-1629 |
||
| 035 | _a(NLR Aleph) 022197659 | ||
| 090 |
_a13033521 _c13033521 |
||
| 100 | _a20240415d2024 c y0rusy50 ca | ||
| 101 | 0 | _arus | |
| 102 | _aRU | ||
| 105 | _aa|||z|||000fy | ||
| 181 | 0 |
_ai2 _baxxe |
|
| 181 | 0 |
_ab2 _bbb2e |
|
| 182 | 0 | _an | |
| 200 | 1 |
_aКак я ловил человечков _eрассказы _e[для младшего школьного возраста] _fБорис Житков _gхудожник: Елена Володькина |
|
| 203 |
_aТекст _aИзображение _bвизуальные _cнепосредственные |
||
| 210 |
_aМосква _cЭНАС-КНИГА _d2024 (печ. 2023) |
||
| 215 |
_a53, [2] с. _cцв. ил. _d24 |
||
| 225 | 1 | _aКлассика для младшеклассника | |
| 333 | _a0+ | ||
| 686 | 0 | _aШ9(2)60=Р7-4 | |
| 700 | 1 |
_7ca _8rus _aЖитков _bБ. С. _f1882-1938 _gБорис Степанович _9112117 _3RU\NLR\AUTH\772100 |
|
| 702 | 1 |
_4040 _7ca _8rus _aВолодькина _bЕ. М. _cхудожник _gЕлена Михайловна _954651 _3RU\NLR\AUTH\7771723 |
|
| 942 | _cBOOK | ||
| 980 | _aNB | ||